000 00682nam a2200265Ia 4500
005 20260121165348.0
008 008 260114s9999 xx 000 0 eng d
020 _a9783319269023
037 _aEBOOK
040 _aCRL
040 _beng
040 _cCRL
041 _2eng
041 _aeng
084 _qCRL
100 _aFelix Finster, Johannes Kleiner, Christian Röken, Jürgen Tolksdorf
_91050769
245 0 _aQuantum Mathematical Physics
260 _bSpringer
260 _bSpringer
260 _c2016
856 _uhttps://link.springer.com/openurl?genre=book&isbn=978-3-319-26902-3
942 _cEBOOK
999 _c1616494
_d1616494